Normal view
MARC view
Entry Personal Name
001 - CONTROL NUMBER
- control field: 158326
003 - CONTROL NUMBER IDENTIFIER
- control field: OSt
005 - DATE AND TIME OF LATEST TRANSACTION
- control field: 20220923211116.0
008 - FIXED-LENGTH DATA ELEMENTS
- fixed length control field: 220923|| aca||aabn | a|a d
040 ## - CATALOGING SOURCE
- Original cataloging agency: OSt
- Transcribing agency: OSt
100 ## - HEADING--PERSONAL NAME
- Personal name: शर्मा, यादवेन्द्र 'चन्द्र'
670 ## - SOURCE DATA FOUND
- Source citation: Work cat.: (OSt)295385: शर्मा, यादवेन्द्र 'चन्द्र', संन्यासी और सुंदरी, 2005
